02344nam a2200277 a 4500001001000000005001700010008004100027041000800068044000800076084002000084100004500104245014100149260003900290300003600329500041200365500092200777500006001699500001001759546002401769650005201793650005601845650003401901650004501935700003601980740005002016BRCA_334120190320204232.0250309s1885----enk#---###---#000-0#eng-# aeng aenk a635b.S65c18851 aCervantes Saavedra, Miguel ded1547-161610aIngenious Gentleman Don Quixote of la ManchacBy Miguel de Cervantes Saavedra; A Translation with Introduction and Notes by John Ormsby. aLondresbElder Smith and Co.c1885 a4 v.c23 cm.emapa de la mancha aContenido : v.1. Primera parte. Mapa. Biografía de Cervantes y Don Quijote por Ormsby. Prólogo del autor. Versos preliminares. Notas. -- v.2. Primera parte. Texto. Notas. -- v.3. Segunda parte. Prólogo del autor. Notas. -- v.4. Segunda parte. Texto. Notas. Apéndices: I. Proverbios de Don Quijote II. Libros de caballería españoles III. Bibliografía de las ediciones y traducciones del Quijote aTraducción de J. Ormsby, una de las mejores, no solo inglesas si no en general. Se distingue de otras ediciones por haberla vertido su traductor al inglés moderno y proveído de notas y comentarios que manifiestan un notable saber del renombrado hispanista ingles. Así, en la biografía de Cervantes revela no usuales conocimientos referentes a esta materia, y en las páginas dedicadas al Quijote expone su punto de vista analizando la obra y, señalando a la par las multiples bellezas que adornan la novela. Sin embargo, presta mas atención a la forma que al contenido, a la letra que al espíritu. Tiene, además, el mérito de haber conservado el escudo de la primera edición de Juan de la Cuesta, omitido por la abrumadora mayoría de las demás ediciones en cualquier idioma. La parte tipográfica de esta edición, hecha con extremo cuidado, no deja nada que desear. Tela Lúdovik Osterc aEstado físico : Lomo del v.1 parcialmente desprendido aQM485 aTexto en : inglés14aNovela españolayÉpoca clásica, 1500-170014aLiteratura españolayÉpoca clásica, 1500-170014aNovela españolaySiglo XVII14aDon Quijote (Personaje ficticio)eNovela1 aOrmsby, Johnd1829-1895eEditor0 aEl Ingenioso Hidalgo Don Quijote de la Mancha